Österreichische Seen auf einer Karte - Statistiken

Allgemein
  • Dieses Quiz wurde 2.950 mal gespielt
  • Das Durchschnittsergebnis liegt bei 6 aus 10
Antworten auf der Karte
Die Antworten werden auf der Karte rot bzw. grün angezeigt, abhängig davon wie oft sie richtig erraten wurden.
 
Antwortstatistiken
Fläche See % Korrekt
536,0 (keine Einigung) Bodensee
88%
19,4 Wörthersee
78%
320,0 (240,0) Neusiedler See
75%
46,2 Attersee
62%
13,8 Mondsee
62%
12,8 Wolfgangsee
57%
24,4 Traunsee
51%
10,8 Ossiacher See
42%
13,3 Millstätter See
41%
8,6 Hallstätter See
38%
Keine übereinstimmenden Quizze gefunden
Verteilung der Resultate
Anzahl Personen mit jedem Resultat
Perzentil nach korrekt beantworteten Fragen
Ihre Resultats-Entwicklung
Sie haben dieses Quiz noch nicht gespielt